Регионална библиотека "Любен Каравелов" - Русе

Prayer Chants [CD аудио] (Запис номер 214686)

MARC детайли
000 -Лидер
Контролно поле с фиксирана дължина 03494njm a2200541 c 4500
003 - Код на организацията, давaща контролен номер
Контролно поле BLK
005 - Дата и час на последна редакция
Контролно поле 20250128165639.0
008 - Елементи от данни с фиксирана дължина
fixed length control field 180410b bul||n||s|||||||| n|bulo|
010 ## - Наследен системен номер
LC control number CDD00000049000
040 ## - Източник на каталожния запис
Идентификатор на билиотеката - собственик на записа BLK
041 ## - Код за език
Код за езика на текст/звукозапис или на отделно заглавие Български
Код за езика КДБФ Български
Други езици Английски
072 #7 - Код за тематичната категория
Код организация bullib
Код за тематична категория МС
Текст Музика - сакрална
080 ## - УДК
Текстов определител УДК Вокално-инструментална музика
УДК код - определител по УДК 784:785
УДК определител
УДК - код + определител 784:785
080 ## - УДК
Текстов определител УДК Хор, женски
УДК код - определител по УДК 78.087.682
УДК определител
УДК - код + определител 78.087.682
080 ## - УДК
Текстов определител УДК Сопран
УДК код - определител по УДК 78.087.612.1
УДК определител
УДК - код + определител 78.087.612.1
080 ## - УДК
Текстов определител УДК Мецосопран
УДК код - определител по УДК 78.087.612.2
УДК определител
УДК - код + определител 78.087.612.2
080 ## - УДК
Текстов определител УДК Баритон - мъжки певчески глас
УДК код - определител по УДК 78.087.613.2
УДК определител
УДК - код + определител 78.087.613.2
080 ## - УДК
Текстов определител УДК Бас - мъжки певчески глас
УДК код - определител по УДК 78.087.613.3
УДК определител
УДК - код + определител 78.087.613.3
080 ## - УДК
Текстов определител УДК Камерен оркестър
УДК код - определител по УДК 785.16
УДК определител
УДК - код + определител 785.16
100 ## - Редна дума - Автор
Автор Спасов, Иван Първанов
Дати, свързани с автора 1934-1996
Автор - информация (биография) Композитор, диригент, музикален педагог, проф. в Академия за музикално и танцово и изобразително изкуство - Пловдив (1989). Главен худож. рък.-тел на Симфоничния оркестър Пазарджик
R(LIN) 387480
139 ## - Редно поле
Редна дума Спасов, Иван Първанов
Авторски знак Сп - С 55
245 10 - Сведения за заглавието
Заглавие Prayer Chants [CD аудио]
Редно поле (дума) * Ivan Parvanov Spassov; Иван Първанов Спасов.
257 ## - Страна на издаване
Страна на създаване/издаване България
260 ## - Област на издателските данни
-- София
Име на издателя, разпространителя и проч. Gega New 251
Година на издаване Б. г.
Място на отпечатване София
Печатница Производител
300 ## - Физическа характеристика
Размери/Мащаб 12 см. Stereo
Тип мерна единица бр. в к-т
Количество на мерната единица 1 CD
306 ## - Продължителност на изпълнението
Времетраене 57 мин., 43 сек.
380 ## - Жанр
Жанр Изкуство
490 1# - СЕРИИ (Колекции)
Име на серия Contemporary bulgarian composers
№: серия Vol.1
505 ## - Форматирана забележка
Подзаглавни данни For soloists womens Chor and Organ on Bulgarian and Latin texts and St. Luke`s Gospel
Авторската отговорност Krikor Chetinian; изп. Женски камерен хор - АМТИ Пловдив; сопран Калина Жекова; тенор Степан Киркор Бюлбюлян; бас-баритон Георги Лазаров; орган Александрина Тороманова; диригент Крикор Четинян.
Заглавие Easter Music for Christ Sufferings, Death and Resurretion
505 ## - Форматирана забележка
Авторската отговорност изп. Оркестрал ансамбъл; Orchestral Ensemble; диригент Бедрос Папазян.
Заглавие The Sanctification of the Heavenly Space
505 ## - Форматирана забележка
Подзаглавни данни After a Latin cult text for soloists, women`s chor and orchestra
Авторската отговорност изп. Полифония Камерен акапелен хор; диригент Ивелин Димитров; изп. Камерен оркестър при СМУ Пловдив; диригент Пламен Първанов; сопран Тиха Генова; сопран Донка Лозанова; мецосопран Валерия Мирчева; мецосопран Лилия Илиева.
Заглавие Miserere
650 #4 - Допълнително описание по предмет – тема
Основно описание – тема или топоним Музика, вокално-инструментална
9 (RLIN) 316503
650 #4 - Допълнително описание по предмет – тема
Основно описание – тема или топоним Хор - камерен
9 (RLIN) 353271
650 #4 - Допълнително описание по предмет – тема
Основно описание – тема или топоним Оркестри, камерни
9 (RLIN) 353152
653 ## - Ключова дума – ненормативна
Ключова дума сопрани
653 ## - Ключова дума – ненормативна
Ключова дума мецосопрани
653 ## - Ключова дума – ненормативна
Ключова дума тенори
653 ## - Ключова дума – ненормативна
Ключова дума Великден
653 ## - Ключова дума – ненормативна
Ключова дума баси
653 ## - Ключова дума – ненормативна
Ключова дума женски хорове
700 1# - Други автори (авторска отговорност)
Лично име Spassov, Ivan Parvanov
Автороска отговорност (Описва отношението между автора и произведението) *
9 (RLIN) 353270
852 ## - Местоположение
Форматна сигнатура Цб CD 152
Част 3
856 4# - Електронен адрес и достъп
Електронен формат pdf - файл
Път до файла /url/
856 4# - Електронен адрес и достъп
Електронен формат pdf - файл
Път до файла /url/
942 ## - АРТИКУЛИ
Вид на библиотечния материал Компактдискове
Скрит в OPAC Не
944 ## - СЪЗДАВАНЕ И РЕДАКЦИЯ на ЗАПИСА
Създаване/Редакция Създаване
Дата на регистрацията/редакция 12.10.2007
Служител, извършил регистрацията/редакцията 30540
Статус, дата на статуса Севдалина Тодорова
944 ## - СЪЗДАВАНЕ И РЕДАКЦИЯ на ЗАПИСА
Създаване/Редакция Редакция
Дата на регистрацията/редакция 26.10.2010
Служител, извършил регистрацията/редакцията
999 ## - СИСТЕМНИ КОНТРОЛНИ НОМЕРА
Koha biblionumber 214686
Koha biblioitemnumber 214686
Наличности
Код за отписване Код за изгубен артикул Източник на класификационната схема Код за повреда Коз за рестрикции Код за отдаване Артикулен № Име на библиотеката - собственик Име на библиотеката, в която се намира в момента Статус (Текущо местоположение) Дата на вписване в системата Местоположение - отдел Цена в лева Инвентарен номер Систематично азбучна сигнатура Баркод Номер на екземпляра Цена в евро Служебна бележка Служебен тип на артикула
  Не е изгубен Universal Decimal Classification Не е повреден без рестрикции заемане за дома 386036 Регионална библиотека "Любен Каравелов" Русе Регионална библиотека "Любен Каравелов" Русе Отдел Изкуство - подръчен фонд 1997-01-01 Отдел Изкуство - подръчен фонд 6.65 250000000152 784/С 55 250000000152 1 3.40 Дост: Pk Вид: Ф N: стар фонд Дата: 01.01.1997 Съставил: Ирена_Линкова Компактдискове
Vip Innovations Ltd, Rousse, Bulgaria 2025